| 000 | 00967nam a2200265Ia 4500 | ||
|---|---|---|---|
| 003 | OSt | ||
| 005 | 20220923211422.0 | ||
| 006 | a|||||r|||| 00| 0 | ||
| 007 | ta | ||
| 008 | 220922b |||||||| |||| 00| 0 pan d | ||
| 020 |
_a9788193406342 (hbk) _c200 |
||
| 024 | _a328,970 | ||
| 037 |
_b1011, 25/01/2018, H.K. Prakashan _cTextual |
||
| 040 |
_aARTS _cARTS _bpan |
||
| 041 |
_2pan _apan |
||
| 082 | _aO153,3:g, Q7 | ||
| 100 |
_aਸਲਵਾਨ, ਮੇਘਾ, ਂਚ. _9156363 |
||
| 245 | 0 | _aਪੰਜਾਬੀ ਕਹਾਣੀ ਦੇ ਨਵੇ੍ਵ ਨਕFਨਿਗਾਰ | |
| 260 |
_aਅੰਮ੍ਰਿਤਸਰ _b ਕੇ. ਜੀ. ਗ੍ਰਾਫਿਕਸ _c2017 |
||
| 300 |
_a144ਪ0 _ccm. |
||
| 650 | _a ਪੰਜਾਬੀ ਕਹਾਣੀ | ||
| 650 |
_aਪੰਜਾਾਬੀ ਸਾਹਿਤ _9156350 |
||
| 942 |
_hO153,3:g, Q7 _cTEXL _2CC |
||
| 999 |
_c299277 _d299277 |
||